LEADER 01286nam a2200277 u 4500 001 000000033105 003 CaOOAMICUS 005 20070226112327.0 008 971028s1994 gw u000 u ger u 020 $a3525538448 035 $a10774576 040 $aPUL(R)$bita 100 1 $aLux, Rüdiger.$0(OLS)http://pul/name/25917 245 10$aJona, Prophet zwischen "Verweigerung" und "Gehorsam" :$beine erzählanalytische Studie /$cRüdiger Lux. 260 $aGöttingen :$bVandenhoeck & Ruprecht,$cc1994. 300 $a240 p. ;$c24 cm 490 1 $aForschungen zur Religion und Literatur des Alten und Neuen Testaments ;$v162 504 $a"Literaturverzeichnis": p. [214]-228. 830 0$aForschungen zur Religion und Literatur des Alten und Neuen Testaments ;$v162.$0(OLS)http://pul/title/15482 850 $aPUL 852 $aPUL$W1$xSL Religione 1$y3$m10(5) A 162$j45501$nBK-PRI$b $qStampati$B45501$CPULBib$Z2$F45501 $H $81 941 1 $a8 961 $aINV: 77039 996 $6020$a3525538448$9(OLS)http://pul/number/41639 996 $6245$aJona, Prophet zwischen "Verweigerung" und "Gehorsam" :$beine erzählanalytische Studie$9(OLS)http://pul/title/45597 996 $6260$aGöttingen :$bVandenhoeck & Ruprecht$9(OLS)http://pul/publisher/47973 LEADER 01204nam a2200289 u 4500 001 000000079514 003 CaOOAMICUS 005 20070226123539.0 008 040607s2003 it u000 u ita u 020 $a884644924X 035 $a10997962 040 $aPUL$bita 245 00$aAmore ed empatia :$bricerche in corso /$ca cura di Francesca Brezzi. 260 $aMilano :$bFrancoAngeli,$cc2003. 300 $a125 p. ;$c23 cm 490 1 $aCollana di filosofia ;$v147 504 $aBibliografia in nota. 650 4$aPsicologia e filosofia.$0(OLS)http://pul/subject/10167 650 4$aRelazioni interpersonali$xAspetti psicologici.$0(OLS)http://pul/subject/27616 700 1 $aBrezzi, Francesca.$0(OLS)http://pul/name/31730 830 0$aFilosofia (F. Angeli) ;$v147.$0(OLS)http://pul/title/40589 850 $aPUL 852 $aPUL$W1$xSL Filosofia 3$y81$m152. 41 BREFR 1$j101738$nBK-PRI$qDDC 21$B101738$CPULBib$Z2$F101738 $H94854 $82 941 1 $a9 996 $6020$a884644924X$9(OLS)http://pul/number/104595 996 $6245$aAmore ed empatia :$bricerche in corso$9(OLS)http://pul/title/104123 996 $6260$aMilano :$bFrancoAngeli$9(OLS)http://pul/publisher/66898